000 00675nab a2200205 a 4500
005 20210219161029.0
008 991125s1985 mx 000 0 spa u
035 _aUPN01000177385
100 1 _aMiranda Pinto, Maribel
222 _aREVISTA MEXICANA DE INVESTIGACION EDUCATIVA
245 _aColaboración y aprendizaje en el ciberespacio, @reacomun : comunidad de práctica, iberoamericana de educadores de infancia
300 _a35-64
362 0 _a2010 Vol. 15, no. 44(1), ene.-mar.
653 0 _aEDUCACION PREESCOLAR
653 0 _aINTERNET
653 0 _aCOMUNIDADES DE APRENDIZAJE
700 1 _aOsorio, Antonio José,
700 1 _ecoaut.
905 _aArticulo
999 _c149488
_d149488